• 首页
  • 本馆介绍
  • 公告通知
  • 最新文献
  • 馆藏检索
  • 电子资源
  • 读者导购
  • 参考咨询
  • 我的图书馆
  • 登录
  • 详细信息显示
  • 放入我的书架
  • 预约/预借图书
  • 作者相关作品
  • 分类相关作品
  • 丛书相关作品
  • 出版社相关作品

书目信息

  • 表格格式
  • 工作单格式
  • 卡片格式
题名:
我的吃喝玩乐旅行手账
    
 
作者: 篠方·一枚 著
分册:  
出版信息: 北京   化学工业出版社  2020
页数: 133页
开本: 21cm
丛书名:
单 册:
中图分类: TS951.5 , TS951
科图分类:
主题词: 本册--设计
电子资源:
ISBN: 978-7-122-36297-1
000 01074nam0 2200265 450
001 2271463459
005 20220920195141.85
010    @a978-7-122-36297-1@dCNY68.00
100    @a20200911d2020 em y0chiy50 ea
101 0  @achi
102    @aCN@b110000
105    @aa z 000yy
200 1  @a我的吃喝玩乐旅行手账@9wo de chi he wan le lv xing shou zhang@e手绘×剪贴×文字,用小文具记录多彩生活@f篠方·一枚著
210    @a北京@c化学工业出版社@d2020
215    @a133页@c图, 照片@d21cm
305    @a通过成都天鸢文化传播有限公司代理,经汉湘文化事业股份有限公司授权出版
306    @a本书限中国大陆发行
330    @a本书主要向读者介绍了如何用超简单的步骤,超快速的方式,手工制作独特的手账本,让读者随心所欲创作无极限,想画、想贴都可以,不受版面限制,更不需担心纸材不合适。
517 1  @a手绘×剪贴×文字,用小文具记录多彩生活@9shou hui × jian tie × wen zi,yong xiao wen ju ji lu duo cai sheng huo
606 0  @a本册@x设计
690    @aTS951.5@v5
690    @aTS951@v4
701  0 @a篠方·一枚@9xiao fang·yi mei@4著
801  0 @aCN@b91MARC@c20200911
905    @aZUCC@dTS951@e2
    
    我的吃喝玩乐旅行手账:手绘×剪贴×文字,用小文具记录多彩生活/篠方·一枚著.-北京:化学工业出版社,2020
    133页:图, 照片;21cm
    
    
    ISBN 978-7-122-36297-1:CNY68.00
    本书主要向读者介绍了如何用超简单的步骤,超快速的方式,手工制作独特的手账本,让读者随心所欲创作无极限,想画、想贴都可以,不受版面限制,更不需担心纸材不合适。
●
相关链接 在五车中查询图书 在当当中查询图书 在豆瓣中查询图书


正题名:我的吃喝玩乐旅行手账     索取号:TS951/2         预约/预借

序号 登录号 条形码 馆藏地/架位号 状态 备注
1 2000899560   2000899560   第三书库/ [索取号:TS951/2] 在馆    
2 2000899561   2000899561   第三书库/ [索取号:TS951/2] 在馆    
3 2000899562   2000899562   第三书库/ [索取号:TS951/2] 在馆    
山东省滨州职业学院图书馆 欢迎您!
大连网信软件有限公司© 版权所有